| 000 | 01162nam a2200277 a 4500 | ||
|---|---|---|---|
| 999 |
_c535190 _d535190 |
||
| 001 | 4028247 | ||
| 003 | NUST | ||
| 005 | 20200831120928.0 | ||
| 008 | 971031s1996 gaua b 000 0 eng | ||
| 010 | _a 97210150 | ||
| 038 | _aMSOHAIL | ||
| 040 |
_aDLC _cDLC |
||
| 050 | 0 | 0 |
_aTH7467 _b.H44 1996 |
| 082 | 0 | 0 |
_a697.4 _221 _bHEG |
| 100 | 1 |
_aHegberg, Richard A. _929625 |
|
| 245 | 1 | 0 |
_aFundamentals of water system design : _ba self-directed learning course for professional development / _cprepared by Richard A. Hegberg. |
| 260 |
_aAtlanta, GA (1791 Tullie Circle NE, Atlanta 30329) : _bAmerican Society of Heating, Refrigerating and Air-Conditioning Engineers Inc., _c[c1996] |
||
| 300 |
_a1 v. (various pagings) : _bill. ; _c28 cm. |
||
| 440 | 0 |
_aASHRAE continuing education _929626 |
|
| 504 | _aIncludes bibliographical references. | ||
| 650 | 0 |
_aHydronics _xProgrammed instruction. _929627 |
|
| 710 | 2 |
_aAmerican Society of Heating, Refrigerating and Air-Conditioning Engineers. _929628 |
|
| 906 |
_a7 _bcbc _corignew _d2 _encip _f19 _gy-gencatlg |
||
| 942 |
_2ddc _cBK |
||